00750nam a2200217Ia 4500003000900000008004100009020002200050040001600072080001500088245003800103260004600141300001700187490005100204650003000255650002900285650001700314700002900331942000700360999001700367952014800384IN-BaIIA211028s9999 xx 000 0 eng d a978-0-816-52945-2 cIIA Library a523.4bEXO 0aExoplanetscedited by Sara Seager aTucsonbUniversity of Arizona Pressc2010 axviii, 526p. aThe University of Arizona space science series aExoplanet dynamics935144 aExtrasolar planets93586 aPlanets9971 aSeager, Sara, ed.929229 cBK c18339d18339 00104070aBANbBANcGENd2012-08-23eEDS g1960.35l4m1o523.4/ EXOp19261r2024-10-05s2024-09-30v1960.35w2012-08-23yBKGRs. 1960.35